01315nam a2200349Ic 450000100060000000300100000600500170001600700030003300800410003602000150007704000350009204100080012708200160013510000400015124501170019125000220030826400360033030000580036633600270042433700330045133800280048450000660051252100380057853400280061665000330064465000500067765000400072770000380076794200120080599900170081795201310083459915CO-BoRNBP20251112141057.0ta180815s2013 sp a g 000 0 spa  a8488893558 aCO-BoRNBPbspaerdacCO-BoRNBP aspa04a738.5bM11c aMacchiavelli, Mariaritaeaut96716110aCurso rápido de mosaico /cMariarita Macchiavelli ; versión española, realizada por Mª Teresa Martínez. aSegunda edición 1aMadird, España :bDrac,c2013 a80 páginas :bilustraciones, fotografías en color atextobtxt2rdacontent asin mediaciónbn2rdamedia avolumenbnc2rdacarrier aIncluye datos biográficos de la autora en la contracubierta aRecomendado para público adulto tCorso rapido di mosaico07aArtesanías en vidrio2lemb07aMosaicosxEstrategia y técnica2lemb96716207aMosaicosxManualidades2lemb967163 aMartínez, María Teresa967164 2ddccBK c59915d59915 00102ddc40708GENaMEMAPJGAbMEMAPJGAcGENd2025-11-12l0o738.5 M11cpMPJG00961r2025-11-12 14:11:17tEj.1w2025-11-12yBK